[Event "AUTO-ADV-1920"]
[Site "http://www.queenalice.com/game.php?id=839851"]
[Date "2010.9.30"]
[Round "1"]
[White "Hermano"]
[Black "Michihall"]
[Result "0-1"]
[WhiteElo "1644"]
[BlackElo "1909"]

1. e4 e5 2. Nf3 Nc6 3. Bc4 Nf6 4. d3 Be7 5. a3 O-O 6. O-O h6 7. b4 a6 8. Bb2 d6
9. h3 b5 10. Bb3 Bb7 11. Nbd2 Nh7 12. d4 exd4 13. Nxd4 Bf6 14. Nxc6 Bxc6 15. Rb1
Re8 16. f3 a5 17. c4 bxc4 18. Bxc4 axb4 19. axb4 Rb8 20. Ba3 Ra8 21. Qb3 Qe7 22.
b5 Reb8 23. Qd3 Bd7 24. Bb2 Ra5 25. Bxf6 Nxf6 26. f4 Qe8 0-1

[Event "AUTO-INT-1831"]
[Site "http://www.queenalice.com/game.php?id=839907"]
[Date "2010.9.30"]
[Round "1"]
[White "papilon_br"]
[Black "Hermano"]
[Result "0-1"]
[WhiteElo "1689"]
[BlackElo "1636"]

1. e4 c5 2. Nc3 d6 3. Nf3 g6 4. d4 Bg7 5. d5 Bxc3+ 6. bxc3 e6 7. c4 e5 8. g3 h6
9. Bg2 f5 10. Qe2 fxe4 11. Qxe4 Bf5 12. Qe3 Bxc2 13. O-O Nf6 14. Nxe5 dxe5 15.
Qxe5+ Qe7 16. Qxe7+ Kxe7 17. Bb2 Bd3 18. Rfe1+ Kf7 19. Rac1 Nbd7 20. Red1 Bf5
21. Re1 b6 22. d6 Rae8 23. Bxf6 Nxf6 24. Bc6 Re6 25. Red1 Rd8 26. Rd2 Rexd6 27.
Rxd6 Rxd6 28. Bb5 Rd2 29. a4 Bh3 30. Re1 Ne4 31. Rxe4 Rd1+ 0-1

[Event "AUTO-INT-1831"]
[Site "http://www.queenalice.com/game.php?id=839908"]
[Date "2010.9.30"]
[Round "1"]
[White "Hermano"]
[Black "papilon_br"]
[Result "1-0"]
[WhiteElo "1617"]
[BlackElo "1701"]

1. e4 e5 2. Nf3 Nf6 3. Nc3 Bb4 4. Nxe5 Qe7 5. f4 d6 6. Nd3 Bxc3 7. bxc3 Qxe4+ 8.
Be2 Qxg2 9. Bf3 Qh3 10. Nf2 Qh4 11. Qe2+ Be6 12. Bxb7 Qxf4 13. Bxa8 O-O 14. d3
Qf5 15. Be4 Qe5 16. Bb2 Re8 17. O-O-O d5 18. Bxh7+ Nxh7 19. Qxe5 Nc6 20. Qxc7
Rc8 21. Qg3 g6 22. h4 Ne7 23. h5 1-0

[Event "AUTO-INT-1831"]
[Site "http://www.queenalice.com/game.php?id=839913"]
[Date "2010.9.30"]
[Round "1"]
[White "Romerflu"]
[Black "Hermano"]
[Result "1-0"]
[WhiteElo "1503"]
[BlackElo "1549"]

1. e4 c5 2. e5 e6 3. Nf3 a6 4. Bc4 Nc6 5. c3 b5 6. Bd3 Qc7 7. Be4 Bb7 8. Bxc6
Bxc6 9. O-O g6 10. d3 Bg7 11. d4 cxd4 12. Nxd4 Bxe5 13. Nxc6 Qxc6 14. Nd2 Qc7
15. Ne4 Bxh2+ 16. Kh1 Bf4 17. Bxf4 Qxf4 18. Nd6+ Ke7 19. Nb7 Nf6 20. Qd3 Qh4+
21. Kg1 Ng4 22. Qd6+ Kf6 23. Qf4+ Kg7 24. Nd6 f5 25. f3 g5 26. Qd4+ Nf6 27. Qxh4
1-0

[Event "AUTO-INT-1831"]
[Site "http://www.queenalice.com/game.php?id=839914"]
[Date "2010.9.30"]
[Round "1"]
[White "Hermano"]
[Black "Romerflu"]
[Result "0-1"]
[WhiteElo "1531"]
[BlackElo "1521"]

1. e4 e5 2. Nf3 d6 3. Bc4 Nf6 4. d3 Nc6 5. Ng5 d5 6. exd5 Nd4 7. d6 Bxd6 8. Nxf7
Qe7 9. Nxh8 a5 10. Bg5 b5 11. Bxf6 gxf6 12. Qh5+ Kd7 13. Bxb5+ Nxb5 14. Nf7 Nd4
15. Kd2 e4 16. Qg4+ Kc6 17. Qxe4+ Qxe4 18. dxe4 Bf4+ 19. Kd3 Kc5 20. c3 Ne6 21.
g3 Be5 22. f4 Bd6 23. Nxd6 Ba6+ 24. Kc2 cxd6 25. Nd2 a4 26. b4+ axb3+ 27. axb3
Nc7 28. b4+ Kc6 29. c4 Ne6 30. b5+ Kb6 0-1

[Event "AUTO-INT-1861"]
[Site "http://www.queenalice.com/game.php?id=854179"]
[Date "2010.11.3"]
[Round "1"]
[White "Hermano"]
[Black "favazza2007"]
[Result "0-1"]
[WhiteElo "1539"]
[BlackElo "1778"]

1. e4 e5 2. Nf3 Nc6 3. Bc4 Bc5 4. d3 Nge7 5. Ng5 O-O 6. Qf3 d5 7. exd5 Nd4 8.
Qh5 Bf5 9. Kd2 Bg6 10. Qg4 Nxd5 11. c3 Nc6 12. Ne4 Bxe4 13. Qxe4 Nb6 14. f3
Nxc4+ 15. Qxc4 Bb6 16. Kc2 Qe7 17. b3 Qc5 18. Qxc5 Bxc5 19. b4 Bf2 20. g3 b5 21.
a4 a6 22. Rf1 Ba7 23. f4 f6 24. axb5 axb5 25. Ra6 Bb6 26. Rxa8 Rxa8 27. Na3 Na7
28. fxe5 fxe5 29. Rf5 Re8 30. Bb2 c6 31. c4 Bd4 32. Bxd4 exd4 33. cxb5 cxb5 0-1

[Event "AUTO-INT-1861"]
[Site "http://www.queenalice.com/game.php?id=854183"]
[Date "2010.11.3"]
[Round "1"]
[White "Hermano"]
[Black "grandmaster1991"]
[Result "0-1"]
[WhiteElo "1515"]
[BlackElo "2055"]

1. e4 c5 2. Nf3 d6 3. h3 Nf6 4. d4 cxd4 5. Qxd4 Nc6 6. Qa4 Bd7 7. Bb5 a6 8. Bxc6
Bxc6 9. Qc4 Rc8 10. Ng5 e6 11. Qd4 Be7 12. Nc3 O-O 13. Qd3 Nh5 14. h4 h6 15. Nf3
Nf6 16. Be3 Bb5 17. Nxb5 axb5 18. c3 Rc4 19. Bd4 e5 20. Nd2 exd4 21. Nxc4 bxc4
22. Qxd4 d5 23. exd5 Qxd5 24. O-O-O Qxg2 25. Qxc4 Qxf2 26. Qc7 Bc5 27. Qxb7 Be3+
28. Kb1 Qf5+ 29. Ka1 Qa5 30. Rhf1 Ra8 31. a3 Ra7 32. Qb8+ Kh7 33. Rf3 Bc5 34.
Rf5 Qa4 35. Rdf1 Bxa3 36. bxa3 Qxa3+ 37. Kb1 Qa2+ 38. Kc1 Ne4 39. Qb2 Qc4 40.
R5f4 Qxc3+ 41. Qxc3 Nxc3 42. Rxf7 Ra1+ 43. Kb2 Rxf1 44. Rxf1 Ne4 45. h5 Ng3 46.
Rg1 Nxh5 47. Kc3 Nf4 0-1

[Event "AUTO-INT-1861"]
[Site "http://www.queenalice.com/game.php?id=854184"]
[Date "2010.11.3"]
[Round "1"]
[White "grandmaster1991"]
[Black "Hermano"]
[Result "1-0"]
[WhiteElo "2057"]
[BlackElo "1513"]

1. d4 e6 2. e4 a6 3. Nf3 h6 4. Nc3 Bb4 5. Bd2 b6 6. Bd3 Bb7 7. O-O d6 8. a3 Bxc3
9. Bxc3 Nd7 10. Re1 Ne7 11. d5 e5 12. b4 b5 13. Bb2 O-O 14. c4 c6 15. Rc1 f5 16.
exf5 cxd5 17. cxd5 Bxd5 18. Bb1 Nb6 19. Nh4 Nxf5 20. Nxf5 Qg5 21. Ng3 Qf4 22. f3
Rae8 23. Be4 Bxe4 24. Rxe4 Qf6 25. Rc6 Nc4 26. Rexc4 bxc4 27. Ne4 Qe7 28. Qd5+
Qe6 29. Qxd6 Qxd6 30. Nxd6 Re6 31. Rb6 Rff6 32. Rb8+ Kh7 33. Nxc4 Rf5 34. Nxe5
Rfxe5 35. Bxe5 Rxe5 36. Rb6 a5 37. Kf2 Rd5 38. Ke3 axb4 39. axb4 h5 40. b5 h4
41. Rb8 Rg5 42. Kf2 Rc5 43. b6 Rc2+ 44. Ke3 Rxg2 45. b7 Rb2 46. Ke4 Kg6 47. Ke5
Rxh2 48. Rc8 Rb2 49. b8=Q Rxb8 50. Rxb8 Kg5 51. f4+ Kg4 52. f5 1-0

[Event "AUTO-INT-1913"]
[Site "http://www.queenalice.com/game.php?id=880496"]
[Date "2011.1.3"]
[Round "1"]
[White "spin"]
[Black "Hermano"]
[Result "1-0"]
[WhiteElo "1618"]
[BlackElo "1520"]

1. e4 c5 2. Qh5 Nf6 3. Qf5 e6 4. Qf3 d6 5. c3 h6 6. d4 a6 7. dxc5 dxc5 8. a4 Nc6
9. Nd2 Bd6 10. Nc4 Qc7 11. Nxd6+ Qxd6 12. Bf4 e5 13. Rd1 Qe6 14. Bg3 Qb3 15. Rd2
1-0

[Event "AUTO-INT-1913"]
[Site "http://www.queenalice.com/game.php?id=880497"]
[Date "2011.1.3"]
[Round "1"]
[White "Hermano"]
[Black "spin"]
[Result "0-1"]
[WhiteElo "1533"]
[BlackElo "1605"]

1. e4 e5 2. Nf3 Qf6 3. a3 b6 4. b3 a5 5. Bb2 Nc6 6. d4 Qf4 7. Qd3 Nxd4 8. Bxd4
Ba6 9. Bxe5 Qh6 10. c4 O-O-O 11. Nc3 Bxa3 12. Rxa3 Qc1+ 13. Nd1 Qxa3 0-1